000
00307 a2200157 4500
001
160282
020
_a
040
_c
Magnum
100
_a
Arrabal, Jose
240
1
0
_a
O sapo e a jiboia
_l
por
245
1
0
_a
O sapo e a jiboia
362
0
_a
1899
440
1
_a
FTD
697
_a
IJ/FABULAS
942
_c
BK
999
_c
160282
_d
160282